[Event "IBCA World-chT blind 9th"]
[Site "Ohrid"]
[Date "2022.07.01"]
[Round "4.4"]
[White "Mueller, Thorsten"]
[Black "Pulvett Marin, Daniel Eduardo"]
[Result "0-1"]
[WhiteElo "2056"]
[BlackElo "2523"]
[PlyCount "66"]
[EventDate "2022.06.28"]
[EventType "team-swiss"]
[EventRounds "9"]
[EventCountry "MKD"]
[SourceTitle "EXT 2024"]
[Source "ChessBase"]
[SourceDate "2023.10.10"]
[SourceVersion "1"]
[SourceVersionDate "2023.10.10"]
[SourceQuality "1"]
[WhiteTeam "Germany"]
[BlackTeam "Spain"]
[WhiteTeamCountry "GER"]
[BlackTeamCountry "ESP"]

1. d4 Nf6 2. Nf3 d5 3. Bf4 c5 4. e3 Nc6 5. Nbd2 e6 6. c3 g6 7. Be2 Bg7 8. 0-0 cxd4 9. exd4 Nh5 10. Bg3 Nxg3 11. hxg3 0-0 12. Kh2 f6 13. Rh1 e5 14. Kg1 e4 15. Nh2 f5 16. Nb3 Qd6 17. Nf1 b6 18. Rc1 Be6 19. Qd2 a5 20. a4 Rf7 21. Ne3 Raf8 22. c4 f4 23. gxf4 Qxf4 24. Rf1 Nb4 25. cxd5 Nxd5 26. Bc4 Qd6 27. Nxd5 Bxd5 28. Bxd5 Qxd5 29. Qe3 b5 30. axb5 a4 31. Nd2 Rxf2 32. Rxf2 Bxd4 33. Rxf8+ Kxf8 0-1

[Event "GER-ch Net Amateur Gr-A Vor3"]
[Site "Playchess.com INT"]
[Date "2020.04.16"]
[Round "3"]
[White "Kotyk, Michael"]
[Black "Mueller, Thorsten"]
[Result "1-0"]
[WhiteElo "1991"]
[BlackElo "1642"]
[PlyCount "63"]
[EventDate "2020.04.16"]
[EventType "swiss (blitz)"]
[EventRounds "9"]
[EventCountry "GER"]
[SourceTitle "CBM 195 Extra"]
[Source "ChessBase"]
[SourceDate "2020.05.31"]
[SourceVersion "1"]
[SourceVersionDate "2020.05.31"]
[SourceQuality "1"]

1. e4 c6 2. Nc3 d5 3. Qe2 d4 4. Nd1 e5 5. d3 Nf6 6. f4 Bg4 7. Nf3 Nbd7 8. g3 Bb4+ 9. c3 dxc3 10. bxc3 Bc5 11. Nf2 Qb6 12. h3 Bxf3 13. Qxf3 0-0-0 14. Be2 h5 15. fxe5 Nxe5 16. Qf5+ Ned7 17. d4 g6 18. Qf3 Be7 19. 0-0 c5 20. e5 Ng8 21. Qxf7 Rf8 22. Qc4 Kb8 23. Ba3 cxd4 24. Rab1 Qc7 25. Qxc7+ Kxc7 26. Bxe7 Nxe7 27. cxd4 Nd5 28. Rfc1+ Kd8 29. Rxb7 N5b6 30. Rxa7 g5 31. Bb5 Rf7 32. e6 1-0

[Event "GER-ch Net Amateur Gr-A Vor3"]
[Site "Playchess.com INT"]
[Date "2020.04.16"]
[Round "7"]
[White "Mueller, Thorsten"]
[Black "Bardorz, Jana"]
[Result "0-1"]
[WhiteElo "1614"]
[BlackElo "1735"]
[PlyCount "80"]
[EventDate "2020.04.16"]
[EventType "swiss (blitz)"]
[EventRounds "9"]
[EventCountry "GER"]
[SourceTitle "CBM 195 Extra"]
[Source "ChessBase"]
[SourceDate "2020.05.31"]
[SourceVersion "1"]
[SourceVersionDate "2020.05.31"]
[SourceQuality "1"]

1. d4 Nf6 2. c4 g6 3. g3 Bg7 4. Bg2 0-0 5. Nc3 d6 6. Nf3 c6 7. 0-0 Qb6 8. Qc2 Re8 9. Rd1 e5 10. c5 dxc5 11. dxe5 Ng4 12. Na4 Qb5 13. Nxc5 Nxe5 14. a4 Qa5 15. Bd2 Qc7 16. Bf4 Nbd7 17. Nd3 Nxf3+ 18. Bxf3 Qd8 19. Nc5 Qe7 20. Bd6 Qf6 21. Nxd7 Bxd7 22. Ra2 Be6 23. b3 Rad8 24. Bc5 Rxd1+ 25. Qxd1 Rd8 26. Rd2 Rxd2 27. Qxd2 h6 28. b4 b6 29. Kg2 bxc5 30. bxc5 Bb3 31. a5 a6 32. Qd7 Be6 33. Qxc6 Qf5 34. Qe4 Qxe4 35. Bxe4 Kf8 36. Bb7 Bc4 37. f4 Ke7 38. c6 Kd8 39. e4 Bc3 40. e5 Bxa5 0-1

[Event "GER-ch Net Amateur Gr-A Vor2"]
[Site "Playchess.com INT"]
[Date "2020.04.15"]
[Round "9"]
[White "Acikel, Mert"]
[Black "Mueller, Thorsten"]
[Result "1-0"]
[WhiteElo "1811"]
[BlackElo "1605"]
[PlyCount "79"]
[EventDate "2020.04.15"]
[EventType "swiss (blitz)"]
[EventRounds "9"]
[EventCountry "GER"]
[SourceTitle "CBM 196 Extra"]
[Source "ChessBase"]
[SourceDate "2020.07.31"]
[SourceVersion "1"]
[SourceVersionDate "2020.07.31"]
[SourceQuality "1"]

1. e4 c6 2. d4 d5 3. Nc3 dxe4 4. Nxe4 Bf5 5. Ng3 Bg6 6. h4 h6 7. Nf3 Nd7 8. h5 Bh7 9. Bd3 Bxd3 10. Qxd3 e6 11. Bd2 Ngf6 12. Ne4 Nxe4 13. Qxe4 Nf6 14. Qe2 Qd5 15. c4 Qe4 16. Qxe4 Nxe4 17. Be3 Bb4+ 18. Ke2 0-0 19. Rad1 Rfd8 20. Ne5 c5 21. a3 cxd4 22. axb4 dxe3 23. Kxe3 Nf6 24. g4 Kf8 25. f3 Ke7 26. c5 Rac8 27. Nd3 Nd5+ 28. Ke2 f6 29. Rhe1 e5 30. Kf2 Kf7 31. Kg3 a6 32. Re4 Ne7 33. Re2 Nc6 34. Red2 Nd4 35. f4 Nb3 36. Nxe5+ fxe5 37. Rxd8 Rxd8 38. Rxd8 exf4+ 39. Kxf4 Nd4 40. Rxd4 1-0

[Event "GER-ch Net Amateur Gr-A Vor2"]
[Site "Playchess.com INT"]
[Date "2020.04.15"]
[Round "1"]
[White "Burkart, Patrick"]
[Black "Mueller, Thorsten"]
[Result "1-0"]
[WhiteElo "1907"]
[BlackElo "1563"]
[PlyCount "109"]
[EventDate "2020.04.15"]
[EventType "swiss (blitz)"]
[EventRounds "9"]
[EventCountry "GER"]
[SourceTitle "CBM 196 Extra"]
[Source "ChessBase"]
[SourceDate "2020.07.31"]
[SourceVersion "1"]
[SourceVersionDate "2020.07.31"]
[SourceQuality "1"]

1. d4 d5 2. c4 e6 3. Nf3 Nf6 4. g3 Be7 5. Bg2 0-0 6. 0-0 Nbd7 7. Qc2 Ne4 8. Nc3 Ndf6 9. Bf4 c6 10. Nd2 Nxd2 11. Bxd2 dxc4 12. e3 Nd5 13. Ne4 Nb6 14. Ba5 Bf6 15. Nd2 e5 16. dxe5 Bxe5 17. Nxc4 Bc7 18. Rfd1 Qg5 19. Bb4 Re8 20. Nd6 Bxd6 21. Bxd6 Bf5 22. Qc5 Nd7 23. Qb4 Nb6 24. Bc5 Bg4 25. Rd4 Be2 26. Bxb6 axb6 27. Qxb6 Ba6 28. Rad1 Qb5 29. Qxb5 Bxb5 30. a3 Rac8 31. Rd7 Ba6 32. h4 g6 33. Bh3 Rb8 34. b4 Bc4 35. Rc7 Be6 36. Bxe6 Rxe6 37. Rdd7 Rf6 38. Rxb7 Rxb7 39. Rxb7 Rd6 40. a4 Rd1+ 41. Kg2 Ra1 42. a5 Ra4 43. Kf3 Kg7 44. g4 Kf6 45. g5+ Ke6 46. Rc7 Rxb4 47. Rxc6+ Kd7 48. Rb6 Rxh4 49. a6 Ra4 50. Rb7+ Kc6 51. Rxf7 Rxa6 52. Rf6+ Kb7 53. Rxa6 Kxa6 54. Ke4 Kb6 55. Kd5 1-0

[Event "GER-ch Net Amateur Gr-A Vor1"]
[Site "Playchess.com INT"]
[Date "2020.04.14"]
[Round "7"]
[White "Mueller, Thorsten"]
[Black "Meschke, Andreas"]
[Result "1-0"]
[WhiteElo "1530"]
[BlackElo "1669"]
[PlyCount "65"]
[EventDate "2020.04.14"]
[EventType "swiss (blitz)"]
[EventRounds "9"]
[EventCountry "GER"]
[SourceTitle "EXT 2021"]
[Source "ChessBase"]
[SourceDate "2020.10.23"]
[SourceVersion "1"]
[SourceVersionDate "2020.10.23"]
[SourceQuality "1"]

1. d4 d5 2. c4 dxc4 3. Nf3 Nf6 4. e3 e6 5. Bxc4 c5 6. 0-0 a6 7. a4 Nc6 8. Nc3 b6 9. d5 exd5 10. Nxd5 Nxd5 11. Qxd5 Qxd5 12. Bxd5 Bb7 13. Ne5 Nd8 14. Rd1 Bxd5 15. Rxd5 Be7 16. b3 0-0 17. Bb2 Bf6 18. Rad1 Re8 19. Nc4 Bxb2 20. Nxb2 Nc6 21. Nc4 Nb4 22. Rd7 b5 23. axb5 axb5 24. Nd6 Red8 25. Rxd8+ Rxd8 26. Ra1 Kf8 27. Nxb5 Rd3 28. Rb1 Nd5 29. Kf1 Nc3 30. Nxc3 Rxc3 31. Rb2 Ke7 32. Ke2 Kd6 33. Kd2 1-0

[Event "GER-ch Net Amateur Gr-A Vor1"]
[Site "Playchess.com INT"]
[Date "2020.04.14"]
[Round "2"]
[White "Wenzel, Birger"]
[Black "Mueller, Thorsten"]
[Result "1-0"]
[WhiteElo "1809"]
[BlackElo "1565"]
[PlyCount "77"]
[EventDate "2020.04.14"]
[EventType "swiss (blitz)"]
[EventRounds "9"]
[EventCountry "GER"]
[SourceTitle "EXT 2021"]
[Source "ChessBase"]
[SourceDate "2020.10.23"]
[SourceVersion "1"]
[SourceVersionDate "2020.10.23"]
[SourceQuality "1"]

1. c4 e5 2. g3 Nf6 3. Bg2 Bc5 4. Nf3 d6 5. 0-0 0-0 6. Nc3 c6 7. e3 Nbd7 8. d4 Bb6 9. h3 Bc7 10. e4 Re8 11. Re1 Nf8 12. Be3 Bd7 13. d5 c5 14. a3 Ba5 15. Bd2 h6 16. Rb1 Bxc3 17. Bxc3 a5 18. b3 N6h7 19. Bd2 Ng6 20. Qc1 f5 21. Be3 Rf8 22. exf5 Bxf5 23. Rb2 Qd7 24. Kh2 Be4 25. Nxe5 Nxe5 26. Bxe4 Nf6 27. Bg2 Nh5 28. Qd1 Qf7 29. f4 Qg6 30. fxe5 Qxg3+ 31. Kh1 Nf4 32. Bxf4 Rxf4 33. e6 Raf8 34. e7 Rf2 35. exf8Q+ Rxf8 36. Rf1 Re8 37. Re2 Rd8 38. Qe1 Qxe1 39. Rfxe1 1-0

[Event "Heusenstamm Sparkassen op-A 6th"]
[Site "Heusenstamm"]
[Date "2019.11.23"]
[Round "5"]
[White "Baeumer, Frank"]
[Black "Mueller, Thorsten"]
[Result "1/2-1/2"]
[WhiteElo "1865"]
[BlackElo "2053"]
[PlyCount "69"]
[EventDate "2019.11.21"]
[EventType "swiss"]
[EventRounds "7"]
[EventCountry "GER"]
[SourceTitle "CBM 194 Extra"]
[Source "ChessBase"]
[SourceDate "2020.03.31"]
[SourceVersion "1"]
[SourceVersionDate "2020.03.31"]
[SourceQuality "1"]

1. e4 e6 2. Nf3 d5 3. Nc3 d4 4. Ne2 Nf6 5. e5 Nfd7 6. Nexd4 Nxe5 7. Nxe5 Qxd4 8. Nf3 Qd5 9. d4 Nd7 10. Be3 b6 11. Be2 Bb7 12. 0-0 Be7 13. Ne1 Qf5 14. Bf3 Be4 15. Bxe4 Qxe4 16. Qf3 Nf6 17. Qxe4 Nxe4 18. Nd3 Bf6 19. Rad1 0-0-0 20. Ne5 Nd6 21. Bf4 Kb7 22. Nf3 Nf5 23. c3 Rd7 24. g4 Nh4 25. Nxh4 Bxh4 26. Kg2 Be7 27. Rd2 h5 28. h3 Bd6 29. Bxd6 Rxd6 30. f4 Rhd8 31. Re2 Rh8 32. f5 hxg4 33. hxg4 exf5 34. Rxf5 Rd7 35. Rfe5 1/2-1/2

[Event "Heusenstamm Sparkassen op-A 6th"]
[Site "Heusenstamm"]
[Date "2019.11.23"]
[Round "4"]
[White "Mueller, Thorsten"]
[Black "Weber, Samuel"]
[Result "0-1"]
[WhiteElo "2053"]
[BlackElo "2291"]
[PlyCount "100"]
[EventDate "2019.11.21"]
[EventType "swiss"]
[EventRounds "7"]
[EventCountry "GER"]
[SourceTitle "CBM 194 Extra"]
[Source "ChessBase"]
[SourceDate "2020.03.31"]
[SourceVersion "1"]
[SourceVersionDate "2020.03.31"]
[SourceQuality "1"]

1. d4 Nf6 2. Nf3 d5 3. Bf4 e6 4. e3 Bd6 5. Ne5 0-0 6. Nd2 c5 7. c3 Nc6 8. Bd3 Ne7 9. h4 b6 10. Ndf3 Bb7 11. Ng5 Nf5 12. Qf3 Qc7 13. Qh3 cxd4 14. cxd4 Ne4 15. 0-0 Qe7 16. Nxe4 dxe4 17. Bc4 Bxe5 18. Bxe5 Qxh4 19. Qxh4 Nxh4 20. Rac1 Rac8 21. Bb5 Rfd8 22. g4 Nf3+ 23. Kg2 Nxe5 24. dxe5 Rc5 25. Rfd1 Rxd1 26. Rxd1 Bd5 27. a4 a5 28. Rd2 h6 29. Kg3 Rc1 30. Kg2 Kh7 31. Rd4 Kg6 32. Be8 Rc7 33. b4 Kg5 34. bxa5 bxa5 35. Bb5 Rc2 36. Kg3 Rc1 37. f4+ exf3 38. e4 Bb3 39. Kxf3 Rc3+ 40. Kf2 Kxg4 41. Rd7 Rf3+ 42. Kg2 Rf4 43. Rd3 Bc2 44. Rg3+ Kh4 45. Rh3+ Kg5 46. Be2 Bxe4+ 47. Kg3 Bg6 48. Bb5 Re4 49. Kf3 Rxe5 50. Rg3+ Kf6 0-1

[Event "Heusenstamm Sparkassen op-A 6th"]
[Site "Heusenstamm"]
[Date "2019.11.22"]
[Round "3"]
[White "Tietzen, Stefan"]
[Black "Mueller, Thorsten"]
[Result "0-1"]
[WhiteElo "1875"]
[BlackElo "2053"]
[PlyCount "46"]
[EventDate "2019.11.21"]
[EventType "swiss"]
[EventRounds "7"]
[EventCountry "GER"]
[SourceTitle "CBM 194 Extra"]
[Source "ChessBase"]
[SourceDate "2020.03.31"]
[SourceVersion "1"]
[SourceVersionDate "2020.03.31"]
[SourceQuality "1"]

1. e4 e6 2. d4 d5 3. Nc3 Nf6 4. Bg5 Be7 5. e5 Nfd7 6. Bxe7 Qxe7 7. Qd2 a6 8. f4 c5 9. Nf3 Nc6 10. dxc5 0-0 11. 0-0-0 f6 12. exf6 Qxf6 13. g3 Nxc5 14. Bg2 Rd8 15. Nd4 Ne4 16. Bxe4 dxe4 17. Nce2 e5 18. fxe5 Nxe5 19. Qe3 Ng4 20. Qb3+ Kh8 21. Rhf1 Nf2 22. Rde1 Bh3 23. Qxb7 Bxf1 0-1

[Event "IBCA Wch blind 14th"]
[Site "Cagliari"]
[Date "2019.04.14"]
[Round "9"]
[White "Ursic, Aleksander"]
[Black "Mueller, Thorsten"]
[Result "0-1"]
[WhiteElo "1912"]
[BlackElo "2086"]
[PlyCount "118"]
[EventDate "2019.04.06"]
[EventType "swiss"]
[EventRounds "9"]
[EventCountry "ITA"]
[SourceTitle "CBM 189 Extra"]
[Source "ChessBase"]
[SourceDate "2019.06.03"]
[SourceVersion "1"]
[SourceVersionDate "2019.06.03"]
[SourceQuality "1"]

1. d4 d5 2. Nf3 Nf6 3. Bf4 c5 4. e3 cxd4 5. exd4 Nc6 6. c3 Bf5 7. Nbd2 e6 8. Be2 h6 9. Qa4 Nd7 10. Bb5 Qb6 11. 0-0 a6 12. Be2 Be7 13. Qb3 0-0 14. Rfe1 Rac8 15. h3 Na5 16. Qxb6 Nxb6 17. Nf1 Nac4 18. Bc1 Bd6 19. Ne3 Nxe3 20. Bxe3 Nc4 21. Bc1 b5 22. a3 Rc7 23. Nh4 Bh7 24. f4 Be7 25. Nf3 Rfc8 26. Kf2 a5 27. g4 Nd6 28. Kg3 Ne4+ 29. Kg2 b4 30. axb4 axb4 31. cxb4 Bxb4 32. Rd1 Rc2 33. Ng1 Be7 34. Kf3 Nd6 35. Ke3 g5 36. Kf3 Be4+ 37. Kg3 Nc4 38. fxg5 hxg5 39. Ra2 Bd6+ 40. Kf2 Bf4 41. Bxf4 gxf4 42. Nf3 Nxb2 43. Rd2 Rxd2 44. Nxd2 Rc2 45. Ra8+ Kg7 46. Ke1 Rc1+ 47. Kf2 Nd1+ 48. Bxd1 Rxd1 49. Ra2 Rh1 50. Ra3 Rh2+ 51. Ke1 Kg6 52. Rc3 Rg2 53. Nf1 Rb2 54. Nd2 Rb4 55. Nb3 Kg5 56. Kf2 Kh4 57. Kf1 f3 58. Kf2 Kxh3 59. g5 Kg4 0-1

[Event "IBCA Wch blind 14th"]
[Site "Cagliari"]
[Date "2019.04.13"]
[Round "8"]
[White "Mueller, Thorsten"]
[Black "Barnowski, Sylwester"]
[Result "1-0"]
[WhiteElo "2086"]
[BlackElo "1771"]
[PlyCount "98"]
[EventDate "2019.04.06"]
[EventType "swiss"]
[EventRounds "9"]
[EventCountry "ITA"]
[SourceTitle "CBM 189 Extra"]
[Source "ChessBase"]
[SourceDate "2019.06.03"]
[SourceVersion "1"]
[SourceVersionDate "2019.06.03"]
[SourceQuality "1"]

1. d4 f5 2. Nf3 Nf6 3. Bf4 e6 4. e3 Bb4+ 5. c3 Be7 6. h3 d5 7. Nbd2 Nbd7 8. Bd3 Ne4 9. Qe2 Ndf6 10. Ne5 Nxd2 11. Qxd2 Ne4 12. Qe2 0-0 13. 0-0-0 c6 14. f3 Nd6 15. g4 Nf7 16. gxf5 Nxe5 17. Bxe5 exf5 18. Rhg1 Bf6 19. Bf4 Kh8 20. h4 Qa5 21. Kb1 b5 22. Qc2 Bd7 23. Rg2 Qd8 24. Rdg1 Rf7 25. Bxf5 Bxf5 26. Qxf5 Qe7 27. Qd3 b4 28. h5 bxc3 29. Qxc3 Rc8 30. h6 g6 31. Qd3 c5 32. Qa6 Qd7 33. Rc2 Bxd4 34. Bg5 Rc6 35. Qb5 Bf6 36. Bxf6+ Rfxf6 37. Rxc5 Qf5+ 38. e4 Qc8 39. Rgc1 Rxc5 40. Rxc5 Qf8 41. Rxd5 Rxf3 42. a3 Qxh6 43. Rd8+ Rf8 44. Qe5+ Kg8 45. Qd5+ Kh8 46. Rd7 Rc8 47. Qe5+ Kg8 48. Qe6+ Kh8 49. Ka2 Qf8 1-0

[Event "IBCA Wch blind 14th"]
[Site "Cagliari"]
[Date "2019.04.10"]
[Round "5"]
[White "Vrioni, Bersan"]
[Black "Mueller, Thorsten"]
[Result "0-1"]
[WhiteElo "1924"]
[BlackElo "2086"]
[PlyCount "52"]
[EventDate "2019.04.06"]
[EventType "swiss"]
[EventRounds "9"]
[EventCountry "ITA"]
[SourceTitle "CBM 189 Extra"]
[Source "ChessBase"]
[SourceDate "2019.06.03"]
[SourceVersion "1"]
[SourceVersionDate "2019.06.03"]
[SourceQuality "1"]

1. e4 e6 2. d4 d5 3. e5 c5 4. c3 Nc6 5. Nf3 Bd7 6. Be2 Rc8 7. 0-0 cxd4 8. cxd4 Nge7 9. Na3 Nf5 10. Nc2 Be7 11. Ne3 g6 12. Nxf5 gxf5 13. Bh6 Rg8 14. a3 Qb6 15. b4 f6 16. Bf4 a6 17. Qd2 Kd8 18. Rfd1 Be8 19. exf6 Bxf6 20. Bg5 Rxg5 21. Nxg5 Nxd4 22. Nxh7 Rc2 23. Ra2 Rxd2 24. Raxd2 Nxe2+ 25. Rxe2 Bh5 26. Red2 Bxd1 0-1

[Event "IBCA Wch blind 14th"]
[Site "Cagliari"]
[Date "2019.04.06"]
[Round "1"]
[White "Murgia, Stefano"]
[Black "Mueller, Thorsten"]
[Result "0-1"]
[WhiteElo "1609"]
[BlackElo "2086"]
[PlyCount "48"]
[EventDate "2019.04.06"]
[EventType "swiss"]
[EventRounds "9"]
[EventCountry "ITA"]
[SourceTitle "CBM 189 Extra"]
[Source "ChessBase"]
[SourceDate "2019.06.03"]
[SourceVersion "1"]
[SourceVersionDate "2019.06.03"]
[SourceQuality "1"]

1. e4 e6 2. d4 d5 3. Nc3 Nf6 4. e5 Nfd7 5. f4 c5 6. Nf3 Nc6 7. Be3 a6 8. Qd2 cxd4 9. Nxd4 Bc5 10. 0-0-0 0-0 11. Bd3 Bxd4 12. Bxd4 Nxd4 13. Bxh7+ Kxh7 14. Qxd4 Rh8 15. g4 Qb6 16. Qd3+ Kg8 17. Ne2 Nc5 18. Qf3 Bd7 19. f5 Rc8 20. g5 Na4 21. b3 Qc5 22. Rd2 Qa3+ 23. Kd1 Nb2+ 24. Ke1 Nc4 0-1

[Event "IBCA-ol blind 15th"]
[Site "Ohrid"]
[Date "2017.06.28"]
[Round "9.3"]
[White "Chojnowski, Marcin"]
[Black "Mueller, Thorsten"]
[Result "0-1"]
[WhiteElo "2077"]
[BlackElo "2110"]
[PlyCount "122"]
[EventDate "2017.06.19"]
[EventType "team-swiss"]
[EventRounds "9"]
[EventCountry "MKD"]
[SourceTitle "CBM 179 Extra"]
[Source "ChessBase"]
[SourceDate "2017.08.23"]
[SourceVersion "1"]
[SourceVersionDate "2017.08.23"]
[SourceQuality "1"]
[WhiteTeam "Poland"]
[BlackTeam "Germany"]
[WhiteTeamCountry "POL"]
[BlackTeamCountry "GER"]

1. d4 d5 2. Nf3 Nf6 3. c4 c6 4. e3 Bf5 5. Qb3 Nbd7 6. Qxb7 Rb8 7. Qa6 Rb6 8. Qa4 dxc4 9. Bxc4 e6 10. a3 Bd6 11. 0-0 0-0 12. Nbd2 Ne4 13. Nxe4 Bxe4 14. Qd1 Qf6 15. Bd3 Bxd3 16. Qxd3 e5 17. b4 Re8 18. e4 exd4 19. Bg5 Qg6 20. Rae1 h6 21. Bh4 c5 22. bxc5 Bxc5 23. Bg3 Nf8 24. Qc4 Ne6 25. Ne5 Qh5 26. Nd3 Bf8 27. Be5 Bd6 28. f4 Bxe5 29. Nxe5 Rb2 30. f5 Qg5 31. g3 Qh5 32. h4 Ng5 33. Qxd4 Reb8 34. Qd1 Nh3+ 35. Kh1 Qxd1 36. Rxd1 Nf2+ 37. Rxf2 Rxf2 38. Kg1 Ra2 39. Nc6 Re8 40. Nxa7 Rxa3 41. Nc6 Rxg3+ 42. Kf2 Rg4 43. e5 Rf4+ 44. Ke3 Rxf5 45. Ke4 Rh5 46. Rh1 f6 47. Kf4 fxe5+ 48. Kg4 g6 49. Re1 e4 50. Re3 Rd5 51. Kf4 g5+ 52. hxg5 hxg5+ 53. Kg4 Kg7 54. Nb4 Rb5 55. Nc2 Rb2 56. Nd4 Kg6 57. Ne2 Rh8 58. Kg3 Kf5 59. Nd4+ Ke5 60. Nf3+ Kd5 61. Nh2 Rbxh2 0-1

[Event "IBCA-ol blind 15th"]
[Site "Ohrid"]
[Date "2017.06.19"]
[Round "1.3"]
[White "Mueller, Thorsten"]
[Black "Kishan, Gangolli"]
[Result "0-1"]
[WhiteElo "2110"]
[BlackElo "1964"]
[PlyCount "83"]
[EventDate "2017.06.19"]
[EventType "team-swiss"]
[EventRounds "9"]
[EventCountry "MKD"]
[SourceTitle "CBM 179 Extra"]
[Source "ChessBase"]
[SourceDate "2017.08.23"]
[SourceVersion "1"]
[SourceVersionDate "2017.08.23"]
[SourceQuality "1"]
[WhiteTeam "Germany"]
[BlackTeam "India"]
[WhiteTeamCountry "GER"]
[BlackTeamCountry "IND"]

1. d4 Nf6 2. Nf3 d5 3. Bf4 c5 4. e3 Nc6 5. c3 Qb6 6. Qb3 c4 7. Qc2 Bf5 8. Qc1 h6 9. h3 e6 10. Be2 Be7 11. 0-0 0-0 12. Nbd2 Qd8 13. Bd1 b5 14. a3 a5 15. Bc2 b4 16. Bxf5 exf5 17. Qc2 Ne4 18. Nb1 Bd6 19. Bxd6 Qxd6 20. Nfd2 Rfb8 21. Re1 bxc3 22. bxc3 Ra7 23. f3 Ng3 24. e4 Re7 25. e5 Qg6 26. Nf1 Reb7 27. Ra2 Nh5 28. Ne3 Nf4 29. Kh2 Nd3 30. Rg1 Rb2 31. Rxb2 Rxb2 32. Qd1 Qg5 33. Nc2 f4 34. g4 fxg3+ 35. Rxg3 Qc1 36. Qxc1 Nxc1 37. Rg2 Rxb1 38. Ne3 Ne7 39. f4 Nd3 40. f5 Nc6 41. h4 Rb3 42. Ng4 0-1

[Event "Hessenliga 1617"]
[Site "Hessen"]
[Date "2017.03.26"]
[Round "8.6"]
[White "Mueller, Thorsten"]
[Black "Nies, Peter"]
[Result "1/2-1/2"]
[WhiteElo "2123"]
[BlackElo "2052"]
[PlyCount "23"]
[EventDate "2016.09.18"]
[EventType "team-tourn"]
[EventRounds "9"]
[EventCountry "GER"]
[SourceTitle "EXT 2018"]
[Source "ChessBase"]
[SourceDate "2017.10.13"]
[SourceVersion "1"]
[SourceVersionDate "2017.10.13"]
[SourceQuality "1"]
[WhiteTeam "Offenbach"]
[BlackTeam "Gernsheim"]
[WhiteTeamCountry "GER"]
[BlackTeamCountry "GER"]

1. d4 e6 2. Nf3 Nf6 3. Bf4 c5 4. e3 Be7 5. Nbd2 cxd4 6. exd4 0-0 7. h3 d6 8. c3 a6 9. Be2 b6 10. 0-0 Bb7 11. Re1 Re8 12. Bh2 1/2-1/2

[Event "Hessenliga 1617"]
[Site "Hessen"]
[Date "2017.02.05"]
[Round "6.4"]
[White "Henrich, David"]
[Black "Mueller, Thorsten"]
[Result "1/2-1/2"]
[WhiteElo "2178"]
[BlackElo "2123"]
[PlyCount "35"]
[EventDate "2016.09.18"]
[EventType "team-tourn"]
[EventRounds "9"]
[EventCountry "GER"]
[SourceTitle "EXT 2018"]
[Source "ChessBase"]
[SourceDate "2017.10.13"]
[SourceVersion "1"]
[SourceVersionDate "2017.10.13"]
[SourceQuality "1"]
[WhiteTeam "Niederbrechen"]
[BlackTeam "Offenbach"]
[WhiteTeamCountry "GER"]
[BlackTeamCountry "GER"]

1. c4 c6 2. Nf3 Nf6 3. Nc3 d5 4. e3 e6 5. b3 Nbd7 6. Qc2 Bd6 7. Bb2 Qe7 8. Be2 0-0 9. 0-0 Rd8 10. Rfb1 Nc5 11. d3 Na6 12. a3 e5 13. d4 e4 14. Ne5 Bf5 15. cxd5 cxd5 16. Nb5 Rac8 17. Qd2 Bb8 18. h3 1/2-1/2

[Event "IBCA EU-chT blind 01st"]
[Site "Warsaw"]
[Date "2016.07.26"]
[Round "3.3"]
[White "Mueller, Thorsten"]
[Black "Novikovas, Anatolijus"]
[Result "1-0"]
[WhiteElo "2123"]
[BlackElo "1856"]
[PlyCount "51"]
[EventDate "2016.07.24"]
[EventType "team-swiss"]
[EventRounds "9"]
[EventCountry "POL"]
[SourceTitle "CBM 173 Extra"]
[Source "ChessBase"]
[SourceDate "2016.08.29"]
[SourceVersion "1"]
[SourceVersionDate "2016.08.29"]
[SourceQuality "1"]
[WhiteTeam "Germany"]
[BlackTeam "Lithuania"]
[WhiteTeamCountry "GER"]
[BlackTeamCountry "LTU"]

1. d4 Nf6 2. Nf3 e6 3. Bf4 Be7 4. e3 b6 5. Bd3 Bb7 6. h3 0-0 7. Nbd2 c5 8. c3 d6 9. 0-0 Nc6 10. Qb1 h6 11. Rd1 cxd4 12. exd4 d5 13. Re1 Rc8 14. Qd1 a6 15. a4 a5 16. Qe2 Nh5 17. Bh2 g6 18. Qe3 Kh7 19. g4 Nf6 20. Bf4 Ng8 21. g5 h5 22. Nh4 Bd6 23. Nxg6 fxg6 24. Qxe6 Rf6 25. gxf6 Bxf4 26. Qf7+ 1-0

[Event "Heusenstamm Sparkassen op-A 2nd"]
[Site "Heusenstamm"]
[Date "2015.11.29"]
[Round "7"]
[White "Mueller, Thorsten"]
[Black "Feldmann, Johannes"]
[Result "1/2-1/2"]
[WhiteElo "2112"]
[BlackElo "2145"]
[PlyCount "97"]
[EventDate "2015.11.26"]
[EventType "swiss"]
[EventRounds "7"]
[EventCountry "GER"]
[SourceTitle "EXT 2018"]
[Source "ChessBase"]
[SourceDate "2017.10.13"]
[SourceVersion "1"]
[SourceVersionDate "2017.10.13"]
[SourceQuality "1"]

1. d4 e6 2. Nf3 Nf6 3. Bf4 b6 4. e3 Bb7 5. h3 Be7 6. Bd3 c5 7. c3 0-0 8. Nbd2 cxd4 9. exd4 d6 10. 0-0 Nbd7 11. Qe2 a6 12. Rfe1 Re8 13. Nc4 Qc7 14. Rad1 Nf8 15. Bg3 Bc6 16. Nfd2 b5 17. Ne3 Qb7 18. f3 Ng6 19. Nc2 Nh5 20. Bxg6 hxg6 21. Qf2 Nxg3 22. Qxg3 Qd7 23. Nb4 Bb7 24. Nd3 Qd8 25. Re2 Qb6 26. Kh1 a5 27. Ne4 b4 28. Nf4 Qd8 29. Nd3 Ba6 30. Rc2 Bxd3 31. Rxd3 d5 32. Nd2 bxc3 33. bxc3 Rb8 34. f4 Qd7 35. Nf3 Qb5 36. Rdd2 Qb1+ 37. Kh2 Qa1 38. Re2 Rb1 39. Qg4 Bf6 40. Ne5 Rh1+ 41. Kg3 Rc8 42. Qf3 Rc1 43. Rxc1 Qxc1 44. Re3 Qc2 45. a3 Be7 46. c4 dxc4 47. Qb7 Re8 48. Qd7 Kf8 49. Qc6 1/2-1/2

[Event "Heusenstamm Sparkassen op-A 2nd"]
[Site "Heusenstamm"]
[Date "2015.11.27"]
[Round "2"]
[White "Mueller, Thorsten"]
[Black "Falkenhainer, Sven"]
[Result "1/2-1/2"]
[WhiteElo "2112"]
[BlackElo "1736"]
[PlyCount "106"]
[EventDate "2015.11.26"]
[EventType "swiss"]
[EventRounds "7"]
[EventCountry "GER"]
[SourceTitle "EXT 2018"]
[Source "ChessBase"]
[SourceDate "2017.10.13"]
[SourceVersion "1"]
[SourceVersionDate "2017.10.13"]
[SourceQuality "1"]

1. d4 e6 2. Nf3 d5 3. Bf4 Nf6 4. e3 c5 5. c3 Nc6 6. Nbd2 Bd7 7. Bd3 c4 8. Bc2 b5 9. a3 Be7 10. Ne5 0-0 11. Qf3 Nxe5 12. Bxe5 Ne8 13. Qh3 f5 14. g4 Bd6 15. gxf5 exf5 16. Qg2 Be6 17. Nf3 Bxe5 18. dxe5 Qe7 19. Nd4 a6 20. f4 Nc7 21. Rg1 Rf7 22. Bd1 Kh8 23. Bf3 Rg8 24. 0-0-0 Qc5 25. Qh3 g6 26. Rg2 Rfg7 27. Qh4 Bc8 28. Rdg1 Ne6 29. Qf6 Rf8 30. Qh4 Rfg8 31. Qh6 Nf8 32. h4 a5 33. h5 b4 34. axb4 axb4 35. cxb4 Qxb4 36. Bxd5 c3 37. Nc6 cxb2+ 38. Kb1 Qa3 39. Bxg8 Kxg8 40. Rxb2 Qd3+ 41. Ka1 Qa6+ 42. Kb1 Qxc6 43. Rc1 Qe4+ 44. Rcc2 Rd7 45. Rb8 Rb7+ 46. Rxb7 Qxb7+ 47. Kc1 Qh1+ 48. Kb2 Be6 49. Qg5 Qd5 50. h6 Qb3+ 51. Kc1 Qxe3+ 52. Kb2 Qb3+ 53. Kc1 Qe3+ 1/2-1/2